<?xml version="1.0" encoding="UTF-8"?>
<collection xmlns="http://www.loc.gov/MARC21/slim">
<record>
  <controlfield tag="001">160611</controlfield>
  <controlfield tag="005">20250520135830.0</controlfield>
  <datafield tag="037" ind1=" " ind2=" ">
    <subfield code="a">GDOC-2024-68910</subfield>
  </datafield>
  <datafield tag="970" ind1=" " ind2=" ">
    <subfield code="a">GDOC-2024-68910</subfield>
  </datafield>
  <datafield tag="041" ind1=" " ind2=" ">
    <subfield code="a">spa</subfield>
  </datafield>
  <datafield tag="041" ind1=" " ind2=" ">
    <subfield code="a">eng</subfield>
  </datafield>
  <datafield tag="540" ind1=" " ind2=" ">
    <subfield code="a">by-nc-sa</subfield>
    <subfield code="b">Creative Commons</subfield>
    <subfield code="c">3.0</subfield>
    <subfield code="u">http://creativecommons.org/licenses/by-nc-sa/3.0/</subfield>
  </datafield>
  <datafield tag="260" ind1=" " ind2=" ">
    <subfield code="a">Zaragoza</subfield>
    <subfield code="b">Universidad de Zaragoza</subfield>
    <subfield code="c">2024-2025</subfield>
  </datafield>
  <datafield tag="245" ind1="0" ind2="0">
    <subfield code="9">68910</subfield>
    <subfield code="a">Trabajo fin de Máster</subfield>
  </datafield>
  <datafield tag="242" ind1="0" ind2="0">
    <subfield code="9">68910</subfield>
    <subfield code="a">Master's Dissertation</subfield>
  </datafield>
  <datafield tag="100" ind1=" " ind2=" ">
    <subfield code="0">(orcid)0000-0001-8881-9384</subfield>
    <subfield code="a">María Carmen Aguilar, Martín</subfield>
    <subfield code="1">192607</subfield>
  </datafield>
  <datafield tag="700" ind1=" " ind2=" ">
    <subfield code="0">(orcid)0000-0003-4440-830X</subfield>
    <subfield code="a">Juan José Alba, López</subfield>
    <subfield code="1">133085</subfield>
  </datafield>
  <datafield tag="700" ind1=" " ind2=" ">
    <subfield code="0">(orcid)0000-0002-4252-115X</subfield>
    <subfield code="a">Ángela Cristina Asensio, Martínez</subfield>
    <subfield code="1">512398</subfield>
  </datafield>
  <datafield tag="700" ind1=" " ind2=" ">
    <subfield code="0">(orcid)0000-0002-6865-0056</subfield>
    <subfield code="a">María Blanca Bell, Martínez</subfield>
    <subfield code="1">130642</subfield>
  </datafield>
  <datafield tag="700" ind1=" " ind2=" ">
    <subfield code="a">Víctor Manuel Casaus, Andreu</subfield>
    <subfield code="1">127099</subfield>
  </datafield>
  <datafield tag="700" ind1=" " ind2=" ">
    <subfield code="0">(orcid)0000-0001-8893-0963</subfield>
    <subfield code="a">María Celia Domeño, Recalde</subfield>
    <subfield code="1">130041</subfield>
  </datafield>
  <datafield tag="700" ind1=" " ind2=" ">
    <subfield code="0">(orcid)0000-0002-2729-8957</subfield>
    <subfield code="a">César García, Hernández</subfield>
    <subfield code="1">182897</subfield>
  </datafield>
  <datafield tag="700" ind1=" " ind2=" ">
    <subfield code="0">(orcid)0000-0003-3760-1371</subfield>
    <subfield code="a">María Rosario González, Pedraza</subfield>
    <subfield code="1">321582</subfield>
  </datafield>
  <datafield tag="700" ind1=" " ind2=" ">
    <subfield code="0">(orcid)0000-0003-0091-450X</subfield>
    <subfield code="a">Vicente Pedro Lafuente, Pastor</subfield>
    <subfield code="1">390723</subfield>
  </datafield>
  <datafield tag="700" ind1=" " ind2=" ">
    <subfield code="0">(orcid)0000-0003-0898-0480</subfield>
    <subfield code="a">Eva María Lira, Rodríguez</subfield>
    <subfield code="1">430160</subfield>
  </datafield>
  <datafield tag="700" ind1=" " ind2=" ">
    <subfield code="0">(orcid)0000-0002-7692-1194</subfield>
    <subfield code="a">Iván López, Pardo</subfield>
    <subfield code="1">391495</subfield>
  </datafield>
  <datafield tag="700" ind1=" " ind2=" ">
    <subfield code="0">(orcid)0000-0003-4174-2855</subfield>
    <subfield code="a">José David Moral, Martín</subfield>
    <subfield code="1">835685</subfield>
  </datafield>
  <datafield tag="700" ind1=" " ind2=" ">
    <subfield code="0">(orcid)0000-0003-0604-5042</subfield>
    <subfield code="a">María Belén Moreno, Franco</subfield>
    <subfield code="1">498192</subfield>
  </datafield>
  <datafield tag="700" ind1=" " ind2=" ">
    <subfield code="0">(orcid)0000-0003-1329-5082</subfield>
    <subfield code="a">Miguel Olmos, Llorente</subfield>
    <subfield code="1">315113</subfield>
  </datafield>
  <datafield tag="700" ind1=" " ind2=" ">
    <subfield code="0">(orcid)0000-0003-4047-043X</subfield>
    <subfield code="a">Sonia Isabel Pedrosa, Alquézar</subfield>
    <subfield code="1">323570</subfield>
  </datafield>
  <datafield tag="700" ind1=" " ind2=" ">
    <subfield code="0">(orcid)0000-0002-3957-2466</subfield>
    <subfield code="a">María Victoria Sanagustín, Fons</subfield>
    <subfield code="1">387552</subfield>
  </datafield>
  <datafield tag="700" ind1=" " ind2=" ">
    <subfield code="0">(orcid)0000-0002-9487-2461</subfield>
    <subfield code="a">Eduardo José Sánchez, Álvarez</subfield>
    <subfield code="1">310422</subfield>
  </datafield>
  <datafield tag="700" ind1=" " ind2=" ">
    <subfield code="0">(orcid)0000-0001-6061-8556</subfield>
    <subfield code="a">Pablo Sanz, de Miguel</subfield>
    <subfield code="1">914004</subfield>
  </datafield>
  <datafield tag="830" ind1=" " ind2=" ">
    <subfield code="9">462</subfield>
  </datafield>
  <datafield tag="856" ind1="4" ind2=" ">
    <subfield code="s">71695</subfield>
    <subfield code="u">http://zaguan.unizar.es/record/160611/files/guia-68910-es.pdf</subfield>
    <subfield code="y">Guía (idioma español)</subfield>
  </datafield>
  <datafield tag="521" ind1=" " ind2=" ">
    <subfield code="9">672</subfield>
    <subfield code="a">Máster Universitario en Prevención de Riesgos Laborales</subfield>
    <subfield code="b">Master's in Occupational Health and Safety</subfield>
  </datafield>
  <datafield tag="980" ind1=" " ind2=" ">
    <subfield code="a">GDOC</subfield>
    <subfield code="b">Ciencias Sociales y Jurídicas</subfield>
    <subfield code="b">Social Sciences and Law</subfield>
    <subfield code="c">102</subfield>
  </datafield>
</record>
</collection>